Объемные свойства IF5 и BrF3. Сообщение 1. Давление насыщенного пара пентафторида иода; Известия Томского политехнического университета [Известия ТПУ]; Т. 305, вып. 3 : Проблемы и перспективы технологий атомной промышленности
| Parent link: | Известия Томского политехнического университета [Известия ТПУ]/ Томский политехнический университет (ТПУ).— , 2000- Т. 305, вып. 3 : Проблемы и перспективы технологий атомной промышленности.— 2002.— [С. 252-263] |
|---|---|
| Andre forfattere: | , , , , , , , |
| Summary: | Заглавие с титульного листа Электронная версия печатной публикации В работе представлены результаты экспериментального исследования пара пентафторида иода в интервале температур от 10 до 100 °С, приведены уравнения для описания давления пара и рассчитаны значения некоторых термодинамических величин чистого IF5. |
| Sprog: | russisk |
| Udgivet: |
2002
|
| Serier: | Химическая технология редких, рассеянных и радиоактивных элементов |
| Fag: | |
| Online adgang: | http://www.lib.tpu.ru/fulltext/v/Bulletin_TPU/2002/v305/i3/46.pdf |
| Format: | Electronisk Book Chapter |
| KOHA link: | https://koha.lib.tpu.ru/cgi-bin/koha/opac-detail.pl?biblionumber=163920 |
MARC
| LEADER | 00000nla2a2200000 4500 | ||
|---|---|---|---|
| 001 | 163920 | ||
| 005 | 20250919110754.0 | ||
| 035 | |a (RuTPU)RU\TPU\book\177836 | ||
| 035 | |a RU\TPU\book\177834 | ||
| 090 | |a 163920 | ||
| 100 | |a 20090825d2002 k y0rusy50 ca | ||
| 101 | 0 | |a rus | |
| 102 | |a RU | ||
| 135 | |a drnn ---uucaa | ||
| 181 | 0 | |a i | |
| 182 | 0 | |a b | |
| 200 | 1 | |a Объемные свойства IF5 и BrF3. Сообщение 1. Давление насыщенного пара пентафторида иода |f Г. Н. Амелина [и др.] | |
| 203 | |a Текст |c электронный | ||
| 215 | |a 1 файл (1.6 Мб) | ||
| 225 | 1 | |a Химическая технология редких, рассеянных и радиоактивных элементов | |
| 300 | |a Заглавие с титульного листа | ||
| 300 | |a Электронная версия печатной публикации | ||
| 320 | |a [Библиогр.: с. 262-263 (15 назв.)] | ||
| 330 | |a В работе представлены результаты экспериментального исследования пара пентафторида иода в интервале температур от 10 до 100 °С, приведены уравнения для описания давления пара и рассчитаны значения некоторых термодинамических величин чистого IF5. | ||
| 337 | |a Adobe Reader | ||
| 461 | 1 | |0 (RuTPU)RU\TPU\book\176237 |t Известия Томского политехнического университета [Известия ТПУ] |f Томский политехнический университет (ТПУ) |d 2000- | |
| 463 | 1 | |0 (RuTPU)RU\TPU\book\177520 |t Т. 305, вып. 3 : Проблемы и перспективы технологий атомной промышленности |o тематический выпуск |v [С. 252-263] |d 2002 | |
| 610 | 1 | |a экспериментальные исследования | |
| 610 | 1 | |a пентафторид йода | |
| 610 | 1 | |a труды учёных ТПУ | |
| 610 | 1 | |a электронный ресурс | |
| 610 | 1 | |a трифторид брома | |
| 610 | 1 | |a объемные свойства | |
| 610 | 1 | |a насыщенный пар | |
| 610 | 1 | |a давление насыщенного пара | |
| 610 | 1 | |a результаты исследований | |
| 701 | 1 | |a Амелина |b Г. Н. |c химик-технолог |c доцент Томского политехнического университета, кандидат химических наук |f 1963- |g Галина Николаевна |3 (RuTPU)RU\TPU\pers\27824 |4 070 |9 12862 | |
| 701 | 1 | |a Гордиенко |b В. В. |c специалист в области химической технологии редких и радиоактивных элементов |c старший научный сотрудник Томского политехнического университета |g Владимир Васильевич |3 (RuTPU)RU\TPU\pers\28594 |4 070 | |
| 701 | 1 | |a Жерин |b И. И. |c российский химик |c профессор Томского политехнического университета, доктор химических наук |f 1955- |g Иван Игнатьевич |3 (RuTPU)RU\TPU\pers\25854 |4 070 |9 11723 | |
| 701 | 1 | |a Калайда |b Р. В. | |
| 701 | 1 | |a Усов |b В. Ф. |c специалист в области химической технологии редких, рассеяных и радиоактивных элементов |c доцент Томского политехнического университета |f 1941- |g Владимир Фёдорович |3 (RuTPU)RU\TPU\pers\26569 |4 070 | |
| 701 | 1 | |a Водянкин |b А. Ю. |c российский химик |c доцент Томского политехнического университета, кандидат химических наук |f 1971- |g Алексей Юрьевич |3 (RuTPU)RU\TPU\pers\27894 |4 070 | |
| 701 | 1 | |a Якимович |b С. А. | |
| 701 | 1 | |a Оствальд |b Р. В. |c химик-технолог |c доцент Томского политехнического университета, кандидат химических наук |f 1980- |g Роман Вячеславович |3 (RuTPU)RU\TPU\pers\25864 |4 070 |9 11732 | |
| 801 | 1 | |a RU |b 63413507 |c 20090623 |g PSBO | |
| 801 | 2 | |a RU |b 63413507 |c 20210417 |g PSBO | |
| 856 | 4 | |u http://www.lib.tpu.ru/fulltext/v/Bulletin_TPU/2002/v305/i3/46.pdf | |
| 942 | |c CF | ||